[Event "Titled Tuesday intern op 16th Apr Early"]
[Site "Chess.com INT"]
[Date "2024.04.16"]
[Round "7"]
[White "Chyzy, Jakub"]
[Black "Skvortsov, Andrei"]
[Result "1-0"]
[WhiteElo "2314"]
[BlackElo "2304"]
[PlyCount "99"]
[EventDate "2024.04.16"]
[EventType "swiss (blitz)"]
[EventRounds "11"]
[EventCountry "USA"]
[SourceTitle "CB17_2024"]
[SourceDate "2024.04.24"]
[SourceVersion "1"]
[SourceVersionDate "2024.04.24"]
[SourceQuality "1"]

1. e4 c5 2. Nf3 d6 3. d4 cxd4 4. Qxd4 Nf6 5. Nc3 Nc6 6. Bb5 Bd7 7. Bxc6 Bxc6 8. Bg5 e5 9. Qd3 h6 10. Bxf6 Qxf6 11. 0-0-0 Qd8 12. Nd2 Qd7 13. Nc4 0-0-0 14. Ne3 g6 15. Kb1 Kb8 16. Ncd5 Bg7 17. Nc4 f5 18. f3 fxe4 19. fxe4 Rhf8 20. Rhf1 Qg4 21. Rxf8 Bxf8 22. Nce3 Qe6 23. Rf1 Bg7 24. Qe2 Rf8 25. Rxf8+ Bxf8 26. Qf3 Bg7 27. b3 a6 28. Qf2 Be8 29. Qd2 h5 30. Qa5 Qd7 31. Nc4 Bf7 32. a4 Be6 33. Ncb6 Qc6 34. Qd2 Qe8 35. Qg5 Bf8 36. Qf6 Bxd5 37. Nxd5 Kc8 38. Ka2 b5 39. a5 Kb7 40. Kb2 Kc8 41. h3 Kb7 42. g4 hxg4 43. hxg4 Kc8 44. g5 Kd7 45. Qf2 Qd8 46. Qa7+ Ke6 47. Qxa6 Qxg5 48. Qxb5 Qd8 49. a6 g5 50. a7 1-0

[Event "Titled Tuesday intern op 02nd Apr Early"]
[Site "Chess.com INT"]
[Date "2024.04.02"]
[Round "4"]
[White "Melillo, Lucius"]
[Black "Skvortsov, Andrei"]
[Result "0-1"]
[WhiteElo "2274"]
[BlackElo "2304"]
[PlyCount "72"]
[EventDate "2024.04.02"]
[EventType "swiss (blitz)"]
[EventRounds "11"]
[EventCountry "USA"]
[SourceTitle "CB15_2024"]
[SourceDate "2024.04.10"]
[SourceVersion "1"]
[SourceVersionDate "2024.04.10"]
[SourceQuality "1"]

1. d4 Nf6 2. Nc3 d6 3. e4 e5 4. dxe5 dxe5 5. Qxd8+ Kxd8 6. Bc4 Be6 7. Bxe6 fxe6 8. Nf3 Bd6 9. Be3 c6 10. 0-0-0 Ke7 11. h3 Nbd7 12. Nd2 b5 13. a4 a6 14. Nb3 Rhb8 15. Rd3 b4 16. Ne2 Nxe4 17. Rhd1 Ndc5 18. Nxc5 Bxc5 19. Rd7+ Kf6 20. Bxc5 Nxc5 21. R7d6 b3 22. Rxc6 Rc8 23. Rdd6 bxc2 24. Nc3 Nd3+ 25. Rxd3 Rxc6 26. Kxc2 Rb8 27. Rf3+ Ke7 28. Re3 Rb4 29. b3 e4 30. Kb2 Rcb6 31. Nxe4 Rxa4 32. Nc3 Rd4 33. Kc2 h5 34. Ne2 Rc6+ 35. Kb1 Rd2 36. Nc3 Rxf2 0-1

[Event "MNE-ch 76th"]
[Site "Podgorica"]
[Date "2024.02.09"]
[Round "4"]
[White "Pobor, Milo"]
[Black "Skvortsov, Andrei"]
[Result "0-1"]
[WhiteElo "2201"]
[BlackElo "2309"]
[PlyCount "122"]
[EventDate "2024.02.06"]
[EventType "swiss"]
[EventRounds "11"]
[EventCountry "MNE"]
[SourceTitle "CB08_2024"]
[SourceDate "2024.02.21"]
[SourceVersion "1"]
[SourceVersionDate "2024.02.21"]
[SourceQuality "1"]

1. e4 c5 2. Nf3 a6 3. Nc3 b5 4. d4 cxd4 5. Nxd4 e6 6. Bd3 Bb7 7. 0-0 b4 8. Nb1 Qc7 9. Qe2 Nf6 10. Bg5 Bc5 11. Nf3 Nc6 12. Nbd2 h6 13. Bh4 Nh5 14. Nc4 g5 15. Bg3 Nxg3 16. hxg3 Qxg3 17. e5 Qf4 18. Qe4 Qxe4 19. Bxe4 g4 20. Nfd2 d5 21. exd6 g3 22. Kh1 gxf2 23. Nb3 Ba7 24. Rad1 Rd8 25. d7+ Ke7 26. Nd6 Ba8 27. Nc8+ Rxc8 28. dxc8Q Rxc8 29. c3 bxc3 30. bxc3 Rg8 31. Bf3 Rg5 32. g4 f5 33. gxf5 Rxf5 34. Kg2 Rg5+ 35. Kh3 Bb7 36. Nc1 Rf5 37. Kg2 Rc5 38. Ne2 Rg5+ 39. Kh3 Re5 40. Ng3 Na5 41. Bxb7 Nxb7 42. Rd2 Nd6 43. Rfd1 Bc5 44. Kg4 Rg5+ 45. Kf3 Rxg3+ 46. Kxg3 f1Q 47. Rxf1 Ne4+ 48. Kf4 Nxd2 49. Rh1 Nc4 50. Kf3 Ne5+ 51. Ke4 Nf7 52. Rh5 Nd6+ 53. Kd3 Nf5 54. Kc4 Kd6 55. Rh1 Kc6 56. Rh5 Be3 57. Rh1 Bg5 58. Rh3 e5 59. Kd3 Nd6 60. Rh1 e4+ 61. Kd4 e3 0-1

[Event "Titled Tuesday intern op 09th Jan Early"]
[Site "Chess.com INT"]
[Date "2024.01.09"]
[Round "7"]
[White "Beerdsen, Thomas"]
[Black "Skvortsov, Andrei"]
[Result "1-0"]
[WhiteElo "2502"]
[BlackElo "2307"]
[PlyCount "47"]
[EventDate "2024.01.09"]
[EventType "swiss (blitz)"]
[EventRounds "11"]
[EventCountry "USA"]
[SourceTitle "CB03_2024"]
[SourceDate "2024.01.17"]
[SourceVersion "1"]
[SourceVersionDate "2024.01.17"]
[SourceQuality "1"]

1. a4 c5 2. Ra3 Nc6 3. Rg3 Nf6 4. e3 d5 5. Bb5 Bd7 6. b3 e6 7. Bb2 Ne7 8. Bxd7+ Qxd7 9. Nf3 Nf5 10. Ne5 Qc7 11. f4 Nxg3 12. hxg3 Nd7 13. Qh5 Nxe5 14. Bxe5 Qd7 15. Nc3 a6 16. a5 Rc8 17. Na4 Qd8 18. Nb6 Rb8 19. 0-0 Rc8 20. f5 exf5 21. Qxf5 Rc7 22. Bxc7 Qxc7 23. Nxd5 Qd7 24. Qe5+ 1-0

[Event "Titled Tuesday intern op 09th Jan Early"]
[Site "Chess.com INT"]
[Date "2024.01.09"]
[Round "1"]
[White "Hoffmann, Asa"]
[Black "Skvortsov, Andrei"]
[Result "1/2-1/2"]
[WhiteElo "2185"]
[BlackElo "2307"]
[PlyCount "118"]
[EventDate "2024.01.09"]
[EventType "swiss (blitz)"]
[EventRounds "11"]
[EventCountry "USA"]
[SourceTitle "CB03_2024"]
[SourceDate "2024.01.17"]
[SourceVersion "1"]
[SourceVersionDate "2024.01.17"]
[SourceQuality "1"]

1. d4 g6 2. e4 Bg7 3. Be3 d5 4. Nd2 Nc6 5. c3 dxe4 6. Nxe4 Nf6 7. Ng3 e5 8. dxe5 Qxd1+ 9. Rxd1 Nxe5 10. Bf4 Nfd7 11. Nf3 Nxf3+ 12. gxf3 c6 13. Bh3 Nc5 14. Bxc8 Rxc8 15. Bd6 Ne6 16. 0-0 f5 17. Rfe1 Kf7 18. Ne2 Rhd8 19. Bg3 Rxd1 20. Rxd1 Rd8 21. Rxd8 Nxd8 22. f4 Ke6 23. f3 Kd5 24. Bf2 c5 25. Kf1 Nc6 26. Ke1 c4 27. Kd2 b5 28. a3 a6 29. Kc2 Bf6 30. Kd2 Be7 31. Be3 Bd6 32. h4 Be7 33. h5 gxh5 34. Ng3 h4 35. Nxf5 h3 36. Bg1 Bf6 37. Ke3 a5 38. Kf2 Ne7 39. Ne3+ Kc6 40. Kg3 Nd5 41. Ng4 Bg7 42. f5 h5 43. Nf2 b4 44. axb4 axb4 45. cxb4 Bxb2 46. Kxh3 Bd4 47. Kg2 Nxb4 48. Ne4 Bxg1 49. Kxg1 Nd3 50. f6 Ne5 51. Kf2 h4 52. Ke3 Kd5 53. f4 Ng6 54. Ng5 Nf8 55. Kd2 Kd4 56. Nf3+ Ke4 57. Nxh4 Kxf4 58. Kc3 Kg5 59. Kxc4 Kxf6 1/2-1/2

[Event "Titled Tuesday intern op 19th Dec Early"]
[Site "Chess.com INT"]
[Date "2023.12.19"]
[Round "5"]
[White "Skvortsov, Andrei"]
[Black "Estrada Nieto, Julian"]
[Result "1-0"]
[WhiteElo "2309"]
[BlackElo "2212"]
[PlyCount "67"]
[EventDate "2023.12.19"]
[EventType "swiss (blitz)"]
[EventRounds "11"]
[EventCountry "USA"]
[SourceTitle "CB52_2023"]
[SourceDate "2023.12.27"]
[SourceVersion "1"]
[SourceVersionDate "2023.12.27"]
[SourceQuality "1"]

1. e4 e5 2. d4 exd4 3. Qxd4 Nc6 4. Qd3 Nf6 5. Nc3 Bb4 6. Bd2 0-0 7. 0-0-0 Re8 8. Nge2 d6 9. Bg5 h6 10. Bxf6 Qxf6 11. Nd5 Qd8 12. Nxb4 Nxb4 13. Qd2 a5 14. Nc3 Be6 15. a3 Nc6 16. f4 Bg4 17. Re1 Bd7 18. Rg1 Qf6 19. Nd5 Qd8 20. g4 Ne7 21. Nc3 Ng6 22. g5 hxg5 23. Rxg5 Bc6 24. Bc4 Qf6 25. Reg1 Qxf4 26. Rxg6 Qxd2+ 27. Kxd2 d5 28. Rxg7+ Kf8 29. Bxd5 Bxd5 30. Nxd5 f6 31. Rg8+ Kf7 32. R1g7+ Ke6 33. Nxc7+ Ke5 34. Rxe8+ 1-0

[Event "Titled Tuesday intern op 19th Dec Early"]
[Site "Chess.com INT"]
[Date "2023.12.19"]
[Round "6"]
[White "Ter Sahakyan, Samvel"]
[Black "Skvortsov, Andrei"]
[Result "1-0"]
[WhiteElo "2643"]
[BlackElo "2309"]
[PlyCount "147"]
[EventDate "2023.12.19"]
[EventType "swiss (blitz)"]
[EventRounds "11"]
[EventCountry "USA"]
[SourceTitle "CB52_2023"]
[SourceDate "2023.12.27"]
[SourceVersion "1"]
[SourceVersionDate "2023.12.27"]
[SourceQuality "1"]

1. d4 g6 2. e4 Bg7 3. Nc3 d5 4. Nxd5 c6 5. Ne3 Qxd4 6. Qxd4 Bxd4 7. Nf3 Bg7 8. Bc4 Nd7 9. a4 a5 10. 0-0 e5 11. Ba2 Ngf6 12. Nd2 Nc5 13. f3 Be6 14. Bxe6 Nxe6 15. Ndc4 Nd7 16. b3 Bf8 17. Rd1 f6 18. Nd6+ Bxd6 19. Rxd6 Ke7 20. Ba3 c5 21. Rad1 Rhd8 22. c3 Ndf8 23. R6d5 b6 24. Nc4 Rdb8 25. Rd6 b5 26. axb5 Rxb5 27. Rb6 Rxb6 28. Nxb6 Rb8 29. Nd5+ Kf7 30. Rb1 Nd7 31. Kf2 Nb6 32. Nxb6 Rxb6 33. Ke3 c4 34. b4 axb4 35. Bxb4 Nc5 36. Ra1 Nd3 37. Ra7+ Kg8 38. Ra4 Nb2 39. Ra8+ Kg7 40. Ra7+ Kg8 41. g4 Nd3 42. Be7 Rb1 43. Bxf6 Re1+ 44. Kd2 Rh1 45. h4 h5 46. gxh5 gxh5 47. Ke3 Kf8 48. Bg5 Re1+ 49. Kd2 Rh1 50. Bf6 Kg8 51. Rg7+ Kf8 52. Rg5 Rxh4 53. Bxe5 Kf7 54. Rf5+ Ke6 55. Bd4 Rh2+ 56. Ke3 h4 57. Rf6+ Ke7 58. Rh6 h3 59. e5 Rh1 60. Ke4 Re1+ 61. Kd5 Rh1 62. Bc5+ Kf7 63. e6+ Kg7 64. Rh4 Re1 65. Bd4+ Kg6 66. Kd6 Kg5 67. Rxh3 Rxe6+ 68. Kxe6 Nf4+ 69. Ke5 Nxh3 70. f4+ Kg6 71. f5+ Kf7 72. Be3 Ke7 73. f6+ Kf7 74. Kf5 1-0

[Event "Skopje op"]
[Site "Skopje"]
[Date "2023.12.10"]
[Round "7"]
[White "Georgiev, Konstantin1"]
[Black "Skvortsov, Andrei"]
[Result "0-1"]
[WhiteElo "2050"]
[BlackElo "2309"]
[PlyCount "64"]
[EventDate "2023.12.06"]
[EventType "swiss"]
[EventRounds "9"]
[EventCountry "MKD"]
[SourceTitle "CB50_2023"]
[SourceDate "2023.12.13"]
[SourceVersion "1"]
[SourceVersionDate "2023.12.13"]
[SourceQuality "1"]

1. e4 c5 2. Nf3 a6 3. c4 Nc6 4. d4 cxd4 5. Nxd4 e5 6. Nxc6 dxc6 7. Qxd8+ Kxd8 8. Nc3 Be6 9. Be3 Nf6 10. f3 b5 11. b3 Bb4 12. Rc1 Nd7 13. Be2 Rb8 14. cxb5 axb5 15. Kf2 Ke7 16. Rhd1 Rhc8 17. g3 Ra8 18. Rd2 f5 19. exf5 Bxf5 20. a4 Nc5 21. axb5 Nxb3 22. bxc6 Be6 23. Nd5+ Bxd5 24. Rxd5 Nxc1 25. Bxc1 Ke6 26. Rb5 Rxc6 27. Be3 Ra2 28. f4 exf4 29. gxf4 Rcc2 30. Re5+ Kf6 31. Bd4 Bc3 32. Bxc3 Rxc3 0-1